000 00308nam a22001217a 4500
020 _a0-8053-6681-4
082 _a005.133 MAI'C
100 _aWARREN, D.S, MAIER, D
_966461
245 _aCOMPUTING WITH LOGIC, LOGIC PROGRAMMING WITH PROTOZ
260 _aTOKYO
_bBENJAMIN
_c1988
300 _a535P
942 _cBK
999 _c574433
_d574433